Riconosci il Pokémon - Quiz n°931 - Statistics

Statistiche generali
  • Questo quiz è stato fatto 3 volte
  • Il punteggio medio è 9 su 10
Statistiche sulle risposte
Indizio Risposta % Corretto
Tasso di cattura 255 (43.9%)
100%
Sesso 50% ♂, 50% ♀
100%
Stadio evoluzione Forma Base
100%
Abilità Insonnia; Sguardofermo; Lentifumé
100%
Tipo Normale / Volante
100%
Generazione Seconda
100%
Altezza 0,7 m
67%
Peso 21,2 kg
67%
Pokémon Hoothoot
67%
Tasso di allevamento Medio-Veloce
67%
Nessun quiz corrispondente trovato
Distribuzione punteggi
Percentuale di utenti per punteggio
Percentile per numero di risposta
I tuoi punteggi nel tempo
Non hai fatto questo quiz